000 00471 a2200157 4500
999 _c4595
_d4595
020 _a1779000367
050 0 0 _aPR9390 CHA 1988
100 1 _aChater, Patricia.
_eauthor
245 1 0 _aCrossing the boundary fence /
_cPatricia Chater ; with illustrations by Helen Mills.
264 _aHarare :
_b Quest,
_c1988
300 _a134 p. :
_bill. ;
500 _aChildren novel
650 _aCrossing the boundary fence
942 _2lcc
_cBK
_h9390
_iCHA
_kPR